000 00699nam a2200205Ia 4500
005 20260121110354.0
008 008 260114s9999 xx 000 0 hin d
020 _a9788132366522
037 _aEBOOK
040 _aCRL
_bhin
_cCRL
041 _ahin
_2hin
084 _qCRL
100 _aदीपिका गोयल / Kalpana Pandey
_9945371
245 0 _aजय प्रकाश नारायण: क्रांति के जनक / Jay Prakash Narayan: Kranti ke Janak
260 _bभाषा प्रकाशन / Bhasha Prakashan
_c2021
856 _uhttps://bhashaprakashan.com/product-details/379509
942 _cEBOOK
999 _c1537035
_d1537035